[Event "EU-chT (Men) 15th"]
[Site "Gothenburg"]
[Date "2005.08.06"]
[Round "8.4"]
[White "Markowski, Tomasz"]
[Black "Fressinet, Laurent"]
[Result "1/2-1/2"]
[WhiteElo "2564"]
[BlackElo "2627"]
[Annotator "Marin,M"]
[PlyCount "61"]
[EventDate "2005.07.30"]
[EventType "team-swiss"]
[EventRounds "9"]
[EventCountry "SWE"]
[SourceTitle "CBM 109"]
[Source "ChessBase"]
[SourceDate "2005.11.14"]
[SourceVersion "1"]
[SourceVersionDate "2005.11.14"]
[SourceQuality "1"]
[WhiteTeam "Poland"]
[BlackTeam "France"]
[WhiteTeamCountry "POL"]
[BlackTeamCountry "FRA"]

1. Nf3 d5 2. g3 Bg4 3. Bg2 c6 4. O-O e6 5. d3 Nd7 6. c4 Ngf6 7. cxd5 cxd5 ({
If Black's queen's knight would have find itself on b8 still, the normal
reaction would have been} 7... Bxf3 8. Bxf3 cxd5 {. In case of the immediate
capture with cxd5, White would get a promissing position jmping with his
knight to e5. On the other hand, once the knight has been developed to d7,
Black is better adviced to refrain from giving up the pair of bishops without
being forced to. The difference compared to the other situation is that once
the exchange on d5 has taken place, the knight's optimal square is c6. This
slightly inferior placement of the knight on d7 can be only compensated by
keeping the pair of bishops.}) 8. Nc3 Be7 9. h3 {As can be understood from the
previous comment, this is not really a loss of time compared to the lines
where willingly Black captures on f3. It is clear that White's main plan
should be oriented against the g4-bishop, in order to start advancing the
central pawns in one way or another.} ({In two previous games of his,
Markowsky tried a more indirect way of fighting against the bishop:} 9. Nh4 O-O
(9... Ng8 $6 {[%cal Ye7h4]} 10. Qa4 Bh5 11. g4 Bxh4 (11... Bxg4 12. Qxg4 Bxh4
13. Qxg7 Bf6 14. Qg4 Ne7 {/\Nf5} 15. e4 $36 {[%csl Ye8] עe8}) 12. gxh5 Be7 {
/\Ngf6} (12... Bf6 {/\Ne7} 13. e4 $36) 13. e4 $32) 10. h3 Bh5 11. g4 Ne8 {
This is a more concrete approach. The h4-knight is attacked before the f-pawn
reaches the 4th rank.} ({The natural retreat} 11... Bg6 {is slightly
cooperative, allowing White carry out his main plan without restrictions:} 12.
f4 Qb6+ (12... Ne8 13. Nf3 Bc5+ 14. Kh1 Nd6 15. Na4 Bb6 16. Bd2 Bc7 17. Rc1 h5
18. Qe1 hxg4 19. hxg4 Rc8 20. Be3 Bb8 21. Nc3 Qe8 22. Qf2 $14 {1-0 Markowski,T
(2505)-Bukal,V (2400)/Pula 1998/EXT 2000 (33)}) 13. e3 (13. Kh1 Ne8 14. Nf3 $14
f5 $6 15. gxf5 Bxf5 16. e4 $1 $36) 13... Ne8 14. Nf3 f5 15. Nd4 $13 {1-0
Markowski,T (2505)-Gaag,E (2370)/Minsk 1998/CBM 064 ext (41)}) 12. Nf5 $5 {
A rather imaginative, but not the only answer.} ({The simple} 12. gxh5 $5 Bxh4
13. e4 {makes some sense, too. As a compensation for his double pawns and the
relatively exposed king's position, White has the pair of bishops and the
better coordination of pieces (the h4-bishop and the e8-knight will need some
investment of time in order to get on favourable squares).}) 12... exf5 13.
gxh5 {Compared with the previous line, White has obtained a clear mark for
attack on d5, but is deprived of the possibility of opening the centre with e4.
} Nb6 {From the perspective of the further course of the game, this might look
as a loss of two tempi. However, there was no other way of preparing the
return of the e8-knight to f6.} ({Besides, in case of the careless} 13... Ndf6
$6 {White would get an advantage with} 14. h6 g6 15. Qb3 $16) 14. e3 Nf6 15.
Nb5 g6 16. hxg6 hxg6 17. Bd2 Nbd7 18. Rc1 Nc5 19. Bc3 Qb6 20. a4 a6 21. Nd4
Rac8 22. b4 Ne6 23. Qb3 $14 {1/2-1/2 Urban,K (2480)-Sapis,W (2375)/Ksiaz 1998/
CBM 063 ext (75)}) ({I believe that a normal developing move such as} 9. Bf4 {
would also deserve some attention, for instance:} O-O 10. Ne5 Nxe5 11. Bxe5 {
[%csl Gg4][%cal Ya1c1,Yd1a4]}) 9... Bxf3 (9... Bh5 10. g4 Bg6 11. Nh4 O-O 12.
f4 {would transpose to 9.Nh4.}) 10. Bxf3 Ne5 {Clearly, this is a rather
unstable square for the knight. However, the main achievement of the last move
is that the knight is transferred with gain of time one step closer to the
optimal c6-square. Besides, the d-file is cleared, in order to prevent White's
regroupment with Be3, f4, Bf2 by means of the permanent threat of the fork ...
d4.} (10... O-O {allows White a wider choice:} 11. e4 (11. Bg2 Rc8 (11... Ne5
$1 {transposes to the main game.}) 12. Be3 Ne5 13. f4 Nc6 14. Bf2 {(White has
reached a perfect regroupment).} d4 15. Nb5 Bc5 16. Qa4 Nd5 17. Rac1 Qb6 18.
Na3 Ne3 19. Nc4 Qb4 20. Qxb4 Nxb4 21. a3 Nbd5 22. Bxe3 dxe3 23. Rc2 $14 {
1/2-1/2 Lombardy,W (2520)-Pomar Salamanca,A (2435)/Olot 1974/EXT 99}) (11. Bf4
Qb6 12. Rb1 Rfd8 13. d4 $6 {This doesn't seem to fit into White's plan.} Rac8
14. Qd3 Rc4 15. Rfd1 Rdc8 16. g4 Bd6 17. Bxd6 Qxd6 18. e3 a6 19. Bg2 b5 $15 {
1/2-1/2 Roos,D (2410)-Rausis,I (2560)/Bischwiller 1993/EXT 97 (30)}) 11... Ne5
12. Bg2 (12. Be2 $5 dxe4 13. dxe4 Qb6 (13... Bc5 14. Kg2 {[%cal Yf2f4]}) 14.
Qb3 Qxb3 15. axb3 Bc5 16. Kg2 Rfd8 17. f4 Nd3 18. e5 Nxc1 19. Raxc1 Nd5 20.
Nxd5 Rxd5 21. Rfd1 $14 {/=} Rad8 $2 22. Rxc5 $1 $18) 12... dxe4 13. dxe4 Bc5
14. Bf4 Ng6 15. e5 Nd7 16. Ne4 Be7 17. Qh5 Nxf4 18. gxf4 Qb6 19. Rad1 Rad8 20.
Rd3 f5 21. Rfd1 g6 22. Qe2 Nc5 23. Rxd8 Rxd8 24. Rxd8+ Qxd8 25. Nxc5 Bxc5 26.
Bxb7 Qd4 $15 {1/2-1/2 Sharif,M (2462)-Pinter,J (2501)/France 2004/EXT 2005 (47)
}) 11. Bg2 O-O 12. Qb3 $146 (12. f4 Nc6 13. e4 d4 14. Ne2 e5 15. Kh1 (15. Qb3
$5 {[%csl Gb7,Gd5,Gf7][%cal Yf4e5,Ye2f4] /\fxe5, Nf4, ><d5, b7}) 15... Nd7 16.
Ng1 Rc8 17. Nf3 Qb6 18. Rf2 Qb5 19. f5 (19. h4 $5 {[%csl Ge5][%cal Yg2h3,Gh3c8]
} Nc5 20. Bh3 Rc7 21. Ne1 {[%cal Yh4h5]}) 19... Rc7 20. Bf1 Rfc8 21. Ne1 Nb4
22. b3 Qa6 23. a3 Nc6 24. Bd2 b5 25. h4 b4 26. a4 Na5 27. Rb1 Nb7 28. Rh2 Rc3
$13 {1/2-1/2 Markowski,T (2510)-Mednis,E (2400)/Cannes 1997/CBM 057 ext (39)})
12... Qd7 13. e4 Nxd3 14. exd5 (14. Nxd5 Nxc1 15. Nxe7+ Qxe7 16. Raxc1 {
[%cal Ye4e5,Gg2b7]} e5 $1 $11) 14... Nxc1 15. Raxc1 exd5 16. Nxd5 Nxd5 17. Bxd5
Bg5 18. Rc2 Rac8 19. Rxc8 Rxc8 20. h4 Bf6 21. Rd1 b6 $11 {In spite of White's
sligthly superior activity, the position is completely equal.} 22. Qf3 Qe7 23.
b3 Rd8 24. Kg2 g6 25. h5 Bg5 26. a4 Kg7 27. Rd3 Rd7 28. Qd1 Bf6 29. Qg4 Rd8 30.
Rd1 Qe5 31. Bf3 1/2-1/2

[Event "Moscow Aeroflot op-A"]
[Site "Moscow"]
[Date "2005.02.19"]
[Round "5"]
[White "Malakhov, Vladimir"]
[Black "Sargissian, Gabriel"]
[Result "1-0"]
[WhiteElo "2664"]
[BlackElo "2602"]
[Annotator "Marin,M"]
[PlyCount "103"]
[EventDate "2005.02.15"]
[EventType "swiss"]
[EventRounds "9"]
[EventCountry "RUS"]
[SourceTitle "CBM 106"]
[Source "ChessBase"]
[SourceDate "2005.06.06"]
[SourceVersion "1"]
[SourceVersionDate "2005.06.06"]
[SourceQuality "1"]

1. Nf3 Nf6 2. g3 d5 3. Bg2 c6 4. c4 Bg4 (4... dxc4 {is more challenging from
the opening's point of view.}) 5. O-O (5. Ne5 $5 Be6 6. cxd5 Bxd5 7. Nf3 e5 $13
) 5... e6 6. h3 {Almost never played in this position.} Bxf3 ({Since the
f5-square is under firm control} 6... Bh5 {Malakhov,V (2664)-Yakovich,Y (2585)
Moscow Aeroflot op 2005 (1) 1-0 came into consideration, not fearing a further
Nh4 as happened in the game from this same CBM} {An early exchange on d5 with}
7. cxd5 {could be comfortably met by} Bxf3 8. Bxf3 cxd5) 7. Bxf3 Nbd7 8. cxd5
exd5 (8... cxd5 $5) 9. d3 {Finally, the game has transposed to one modern
tabyia. However, just one move later it will deviate again from the well knwon
paths.} Nc5 $5 {A rarely seen placement of the knight, aimed in first line
against White's plan of advancing the e-pawn. However, Sargissian might have
also wanted to discourage Malakhov's favourite plan, of pushing the d-pawn one
square further, (see the game Malakhov-Yakovich from this same issue of CBM)
which now would be answered by ...Nce5.} 10. Nc3 Be7 11. e4 (11. a3 $5 a5 $1 {
[%csl Rb3]} (11... O-O 12. b4 Ne6 13. Rb1 $14) 12. Qc2 (12. e4 dxe4 13. dxe4
Qxd1 14. Rxd1 Nb3 $11) 12... O-O 13. e4 dxe4 14. dxe4 Qd3 $1 $11 {[%csl Yc1]})
11... dxe4 12. dxe4 O-O 13. Be3 Ne6 $146 {[%csl Yd4][%cal Re7c5,Rf6d7]} ({
With these tricky move orders in the Reti, one can never be sure about which
is the real novelty. I only found one game where this position was reached
previously, from a completely different move order though. In any case,} 13...
Nfd7 {looks more passive than the text move:} 14. Bg2 Ne6 15. Qe2 Bc5 16. Rfd1
Bxe3 17. Qxe3 Re8 18. b4 a6 19. a3 Qe7 20. f4 $14 {1-0 Markowski,T-Grabarczyk,
B/Polanica Zdroj 1999/CBM 070 ext (45)}) 14. Qxd8 $1 {A very deep move. White
understood that in the middlegame he might have problems finding a good square
for the queen and decides to exchange it, not caring about the fact that he
actually helps Black's development.} (14. Bg2 {[%cal Yf2f4,Ye4e5]} Qa5 {
[%csl Rd1,Yd4][%cal Ra8d8,Re7c5]}) 14... Rfxd8 15. Rad1 Nd7 {Aiming to
exchange the dark squared bishops with all the comfort.} (15... Bc5 $5 16. Bxc5
Nxc5 17. Bg2 $5 (17. e5 Nfd7 18. Rfe1 Nb6 {/\Nca4} 19. b3 a5 $132) 17... Nd3
18. f4 $5 $14 Nxb2 19. Rb1) 16. Bg4 (16. Be2 Bc5 17. Bxc5 Ndxc5 {[%csl Yd4]})
16... Ne5 (16... Bc5 $2 17. Bxe6 fxe6 18. Rxd7 $18) 17. Be2 {This change of
placement of the black knights rather favours White, since the critical
d4-square is under less pressure.} Bc5 18. Bxc5 Nxc5 19. f4 Ned3 20. Bxd3 Nxd3
{This square is much less stable than d4.} 21. Rd2 Rd7 22. Rfd1 Rad8 23. Kf1
Nc5 24. Rxd7 Rxd7 25. Rxd7 Nxd7 26. Ke2 $14 {The advantage of space in the
centre offers White the better prospects in the endgame.} h5 27. Ke3 Kf8 28.
Kd4 Ke7 29. b4 g6 30. Nd1 f5 31. e5 Nf8 32. h4 Ne6+ 33. Kd3 c5 (33... b5 $5 {
[%cal Yc6c5]}) 34. b5 Nd4 35. a4 b6 36. Ne3 Ne6 37. Nc4 Nc7 38. Ne3 Kd7 39. Kc4
Ke6 40. a5 Kd7 41. Nd1 Ke6 42. Nc3 Kd7 43. Na4 Na8 44. Nxc5+ bxc5 45. Kxc5 Nc7
46. b6 Ne6+ 47. Kb5 axb6 48. Kxb6 g5 49. a6 gxh4 50. a7 hxg3 51. a8=Q h4 52.
Qd5+ 1-0

[Event "EU-chT (Men) 15th"]
[Site "Gothenburg"]
[Date "2005.08.02"]
[Round "4.3"]
[White "Pantsulaia, Levan"]
[Black "Palo, Davor"]
[Result "1/2-1/2"]
[WhiteElo "2510"]
[BlackElo "2519"]
[Annotator "Marin,M"]
[PlyCount "103"]
[EventDate "2005.07.30"]
[EventType "team-swiss"]
[EventRounds "9"]
[EventCountry "SWE"]
[SourceTitle "CBM 109"]
[Source "ChessBase"]
[SourceDate "2005.11.14"]
[SourceVersion "1"]
[SourceVersionDate "2005.11.14"]
[SourceQuality "1"]
[WhiteTeam "Georgia"]
[BlackTeam "Denmark"]
[WhiteTeamCountry "GEO"]
[BlackTeamCountry "DEN"]

1. Nf3 Nf6 2. c4 c6 3. g3 d5 4. Bg2 {This is the choice of players who do not
mind improvising. Not everyone is ready to leave the c4-pawn undefended.} ({
For the experimental} 4. b3 Bg4 5. Ne5 $5 {see 1-0 Kortschnoj,V (2619)
-Sutovsky,E (2665)/Paks 2005/CBM 108 [Marin] (68)}) 4... dxc4 5. O-O (5. a4 {
is generally a guarantee that White will get his pawn back, but the weakness
of the b4-square allows Black get a solid and stable position.}) 5... Nbd7 6.
Na3 Nb6 7. Qc2 Be6 {Apparently, Black intended to play in the safest possible
way.} ({If Black wants to keep the extra-pawn at any cost, he can try} 7... Qd5
{. However, after} 8. Nh4 Qe6 {his queen is rather awkwardly placed. White can
simply exchange the c4-pawn by means of a further b3 and get the upper hand in
the centre, with rather unclear play. Unfortunately, there is nothing really
new since two games played by Salov, almost two decades ago.} 9. e4 g6 10. Re1
(10. b3 Bg7 11. Bb2 cxb3 12. axb3 O-O 13. d4 Qd7 14. Nf3 Qc7 15. Rfe1 Ne8 16.
Ne5 Nd7 17. f4 Nxe5 18. dxe5 f6 19. Nc4 fxe5 20. Nxe5 Be6 21. b4 $44 {1/2-1/2
Salov,V (2550)-Beliavsky,A (2630)/Minsk 1987/URS-ch (67)}) 10... Nfd7 11. b3
Bg7 12. Bb2 Bxb2 13. Qxb2 O-O 14. bxc4 Ne5 15. d4 Nexc4 16. Nxc4 Nxc4 17. Qc3
Nd6 18. a4 Rd8 19. Rac1 Ne8 20. Nf3 Qf6 21. h4 Ng7 22. a5 $44 {1-0 Salov,V 
(2550)-Torre,E (2540)/Leningrad 1987/CBM 003 (41)}) 8. Ne5 (8. Ng5 {is rather
inoffensive.} Qd7 9. e4 g6 10. Re1 Bg7 11. Nxe6 Qxe6 12. Bf1 Ng4 13. Nxc4 Nxc4
14. Qxc4 Qxc4 15. Bxc4 {White has managed to win the pawn back and get the
symbolic advantage of the pair of bishops, but the weakness of the d4-square
restricts his chances for an advantage.} Bd4 16. Kg2 Rd8 17. f4 e5 18. d3 {
1/2-1/2 Almasi,I (2420)-Lukacs,P (2460)/Zalakaros 2000/EXT 2002}) 8... g6 {
Same safe policy.} (8... Qd4 {is by far more provocative. White can play} 9.
Nxc6 bxc6 10. Bxc6+ Nfd7 11. Bxa8 Nxa8 {with far from clear consequences:} 12.
d3 Bh3 13. Rd1 Qd5 14. e4 Qh5 15. Nxc4 e5 16. f4 Bc5+ 17. Be3 exf4 18. Bxc5
Qxc5+ 19. d4 Qc7 20. e5 O-O 21. gxf4 Nab6 22. Rac1 Nxc4 23. Qxc4 Qb6 24. Qc6
Qxb2 25. Rc2 Qb6 $2 {The presence of queens on board was Black's main chance
for counterplay.} (25... Qb8 $13) 26. Qxb6 axb6 27. Rc7 $14 {1-0 Hirsch,
A-Robitsch,H/AUT-ch22 corr9293 1992/Corr Nr. 1 (55)}) 9. Naxc4 Nxc4 10. Nxc4
Bg7 {Instead of trying to defend the extra-pawn, Black continued developing
with natural moves, in the spirit of the Gruenfeld Defence.} 11. b3 $6 {
This natural move fails to pose any concrete problems to the opponent.} (11.
Rd1 $5 $14 {[%cal Yd2d4,Ye2e4] would have been a better try.}) 11... Bd5 12.
Bb2 Bxg2 13. Kxg2 O-O 14. d3 (14. d4 c5 $11) 14... c5 15. Rac1 Rc8 16. Rfd1
Qd5+ 17. Kg1 Rfd8 $11 {Black has no problems at all. He has a normal
development and some advantage of space. It is White already who should think
about equality.} 18. Ne5 Ne8 19. Nf3 e5 20. Nd2 Nd6 21. Nc4 Nb5 22. e3 b6 23.
Qe2 Qe6 24. a4 Nc7 25. e4 Rd7 26. Bc3 Rcd8 27. Rb1 Na6 28. Kg2 Nb8 29. b4 cxb4
30. Bxb4 Nc6 31. Bc3 Bf8 32. a5 bxa5 33. Nxa5 Nxa5 34. Bxa5 Rc8 35. Bb4 Bxb4
36. Rxb4 Qa6 37. Qb2 Rxd3 38. Rxd3 Qxd3 39. Qxe5 Qd7 40. Rd4 Qc7 41. Qf6 Re8
42. Ra4 Qb7 43. Qd4 a6 44. h4 h5 45. Kh2 Qc6 46. Rc4 Qe6 47. Ra4 Qc6 48. Kg2
Qb7 49. Qd5 Qb5 50. Ra5 Qe2 51. Ra4 Qb5 52. Ra5 1/2-1/2